[Event "Olympiad Women 2024"]
[Site "Budapest HUN"]
[Date "2024.09.20"]
[Round "9.42"]
[Board "3"]
[White "Yuliana, Evi"]
[Black "Kang, Sohyun"]
[Result "0-1"]
[WhiteElo "1912"]
[BlackElo "1726"]
[PlyCount "92"]
[EventDate "2024.09.11"]
[WhiteTeam "Indonesia"]
[BlackTeam "South Korea"]
[WhiteTeamCountry "INA"]

1. d4 {Alster,Ladislav} d5 2. c4 c6 3. Nc3 Nf6 4. Nf3 e6 5. Bg5 dxc4 6. e4 b5 7. e5 h6 8. Bh4 g5 9. Nxg5 hxg5 10. Bxg5 Nbd7 11. exf6 Bb7 12. Be2 Qb6 13. a4 O-O-O ({RR} 13... b4 14. a5 Qa6 15. Ne4 ({RR} 15. b3) 15... O-O-O 16. Qc2 c5 17. Bxc4 Qc6 18. Bd3 b3 19. Qe2 cxd4 20. Rc1 Bb4+ 21. Kf1 Nc5 22. a6 Ba8 23. Bd2) 14. axb5 $146 ({RR} 14. Rc1 a6 15. Bf4 ({RR} 15. O-O) 15... Nxf6 ({RR} 15... Nc5 16. axb5 cxb5 ({RR} 16... axb5) 17. O-O Nb3 ({RR} 17... Rg8) 18. Qxb3 cxb3 19. Nd5+ Qc6 20. Nb6#) 16. Be5 Rh6 17. axb5 axb5 18. O-O Bd6 19. Qd2 Rg6 20. Qf4 c5 21. Bf3 Bxe5 22. dxe5 Rd4 23. Qe3 Ng4 24. Bxg4 Rgxg4 ({RR} 24... Rdxg4) 25. f3 Rd3 ({RR} 25... Rg6) 26. Qh6 Rg8 27. Qh7 Rf8 28. Qg7 Rdd8 {1-0 Alster,L-Sefc,J CSR-ch24 playoff 3rd place 1955 (1)}) ({RR} 14. a5 Qc7 15. a6 Ba8 16. g3 Nc5) ({RR} 14. a5 Qc7 15. a6 Ba8 16. h4 Qb6 17. Qd2 c5 18. d5 b4 19. Na4 Qd6 20. dxe6 Qxe6 21. Qe3 Ne5 22. Nxc5 Qd5 23. Nb7 Qxg2 24. Rf1 Re8 25. Qxa7 b3 26. O-O-O Bxb7 27. axb7+ Qxb7 28. Qxb7+ Kxb7 {1-0 Sarana,A (2654)-Sevian,S (2660) Chess.com U20 Speed blitz 2020 (2.8)}) ({RR} 14. Qc2 b4 15. Nd1 Qxd4 16. Qxc4 Qxc4 17. Bxc4 Bh6 18. Bxh6 Rxh6 19. Ne3 Nxf6 20. a5 Nd5 21. O-O c5 22. a6 Bc6 23. Ng4 Rh5 24. Rfc1 Kc7 25. g3 Kb6 26. Rc2 Nc7 27. Re1 Nb5 28. Bxb5 Kxb5 {0-1 Chen,Y (2099)-Chen,M (1749) ch-CHN Personal GpB m 2023 (1.6)}) ({RR} 14. a5 Qc7 15. a6 Ba8 16. Bf3 Nb6 17. Qe2 Rxd4 18. Be3 Rd3 19. Be4 Rd8 20. Nxb5 cxb5 21. Bxb6 Qxb6 22. Bxa8 Bb4+ 23. Kf1 Rd2 24. Qe1 Qd4 {0-1 Voiteanu,C (2218)-Thesing,M (2401) Predeal op 2006 (2)}) ({RR} 14. Qc1 b4 15. Nd1 c5 16. Ne3 cxd4 17. Nxc4 Qc5 18. Bf4 Bxg2 19. Rg1 Bd5 20. Nd6+ Bxd6 21. Bxd6 Qxc1+ 22. Rxc1+ Kb7 23. Rc7+ Kb6 24. Rg7 e5 25. Bc4 Nxf6 26. a5+ Kxa5 27. Bxd5 Rxd6 28. Bxf7 Rd7 {0-1 Sideifzade,F (2320)-Dolmatov,S (2535) URS-chT Cup 11th 1980 (1.5)}) 14... cxb5 15. Bf3 Ne5 16. Bxb7+ Qxb7 17. O-O Rg8 18. h4 Bc5 19. Qe2 Bxd4 20. Qe4 b4 21. Qxb7+ Kxb7 22. Na4 Nd3 23. Be3 Bxe3 24. fxe3 Rg4 25. Rad1 Rdg8 26. Rd2 Rxh4 27. Rxd3 cxd3 28. Nc5+ Kb6 29. Nxd3 Rg5 30. Nf4 Rf5 31. g3 Rg4 32. Kg2 Rg8 33. e4 Rc5 34. Nd3 Rc2+ 35. Kf3 Rg6 36. e5 Rg5 37. Rd1 Rc4 38. Re1 Rd4 39. Ke3 Rdg4 40. Kd2 Rxg3 41. Nxb4 Rb3 42. Nd3 Rg2+ 43. Re2 Rxe2+ 44. Kxe2 Kc6 45. Kd2 Kd5 46. Kc2 Rxd3 0-1

[Event "Olympiad Women 2024"]
[Site "Budapest HUN"]
[Date "2024.09.20"]
[Round "9.42"]
[Board "4"]
[White "Cho, Yeonhee"]
[Black "Adeline, Clementia"]
[Result "0-1"]
[WhiteElo "1696"]
[BlackElo "1550"]
[PlyCount "84"]
[EventDate "2024.09.11"]
[WhiteTeam "South Korea"]
[BlackTeam "Indonesia"]
[BlackTeamCountry "INA"]

1. e4 c5 2. Nf3 d6 3. Bb5+ Bd7 4. Bxd7+ Qxd7 5. c4 Nc6 6. Nc3 g6 7. d4 cxd4 8. Nxd4 Bg7 9. Be3 Nf6 10. h3 O-O 11. O-O Rfc8 12. b3 ({RR} 12. Nde2 Qd8 13. Qd2 a6 14. f3 Rab8 15. Rac1 b5 16. cxb5 axb5 17. Nf4 b4 18. Nce2 Ra8 19. b3 Nd7 20. Rc2 Nc5 21. Rfc1 e6 22. Rd1 Be5 23. Nd3 Nxd3 24. Qxd3 Ne7 25. Rxc8 Nxc8 26. Qd2 Qa5 {1-0 Caruana,F (2823)-Duda,J (2743) Chess.com Speed blitz 2020 (1.12)}) 12... Nxd4 13. Bxd4 Rc6 $146 ({RR} 13... b5 14. Nxb5 Nxe4 15. Bxg7 Kxg7 16. Qd4+ Nf6 17. Rad1 a6 18. Nc3 Qa7 19. Qd2 h5 20. Rfe1 Rc5 21. Re3 Rd8 22. Qd4 Rd7 23. Ne4 e5 24. Qd3 Nxe4 25. Qxe4 a5 26. Red3 Qb6 27. Qe3 a4 28. Kh2 {1-0 Le,Q (2736)-Pena Gomez,M (2478) Hanoi HD Bank op-A 8th 2018 (5)}) ({RR} 13... a6 14. e5 dxe5 15. Bxe5 Qc6 16. Qe2 Rd8 17. Rad1 Qe6 18. Bc7 Qxe2 19. Nxe2 Rdc8 20. Bb6 Rc6 21. Be3 b5 22. c5 Ne4 23. b4 a5 24. a3 axb4 25. axb4 Nc3 26. Nxc3 Bxc3 27. Bd2 Bf6 28. Rfe1 {1-0 Morales Garcia,S (2221)-Padalka,A (2158) Titled Tue 30th May Late 2023 (7)}) ({RR} 13... Qe6 14. Re1 Nd7 15. Nd5 Nc5 16. Bxg7 Kxg7 17. f4 f6 18. Qd4 Nd7 19. Re3 Qf7 20. Rf1 e6 21. Nc3 Rc6 22. Nb5 Qe7 23. Rd1 e5 24. fxe5 Nxe5 25. Nxd6 a6 26. c5 Rb8 27. Rg3 Kh8 28. Rc3 {1-0 Lu,S (2607)-Xu,X (2461) CHN-ch blitz 2016 (1)}) 14. f4 Rd8 15. Rc1 a6 16. a4 e6 17. Qd3 Qc7 18. Rfd1 Nh5 19. Bxg7 Nxg7 20. Qf3 Qb6+ 21. Qf2 Qxb3 22. c5 Rdc8 23. Ne2 Rxc5 24. Qe1 Qe3+ 25. Kh2 Rxc1 26. Rxc1 Rxc1 27. Qxc1 Qxc1 28. Nxc1 Kf8 29. Kg3 Ke7 30. Kf3 Ne8 31. Ke3 f6 32. g4 Kd7 33. Nd3 Kc6 34. Kd4 Nc7 35. Kc4 d5+ 36. exd5+ exd5+ 37. Kb4 b5 38. axb5+ axb5 39. Nc5 d4 40. Nd3 Na6+ 41. Ka3 Kd5 42. Kb2 Ke4 0-1

[Event "Olympiad Women 2024"]
[Site "Budapest HUN"]
[Date "2024.09.20"]
[Round "9.43"]
[Board "1"]
[White "Ravelomanana, Sabine"]
[Black "Nassr, Lina"]
[Result "1-0"]
[WhiteElo "1926"]
[BlackElo "2010"]
[PlyCount "95"]
[EventDate "2024.09.11"]
[WhiteTeam "Madagascar"]
[BlackTeam "Algeria"]
[WhiteTeamCountry "MAD"]
[BlackTeamCountry "ALG"]

1. Nf3 e6 2. g3 Nf6 3. Bg2 d5 4. d3 c5 5. O-O Nc6 6. Nbd2 Be7 7. Re1 O-O ({RR} 7... e5 8. e4 d4 9. Nc4 Nd7 10. a4 O-O 11. Bh3 Qc7 12. a5 Nf6 13. Bf5 g6 14. Bxc8 Rfxc8 15. c3 b5 16. axb6 axb6 17. Rxa8 Rxa8 18. Qb3 Nd7 19. Bh6 Qa7 20. cxd4 cxd4 21. Rc1 Bc5 22. Nxb6 {1-0 Gabuzyan,H (2616)-Akobian,V (2627) Saint Louis Winter-A 2019 (1)}) 8. a4 ({RR} 8. b3 Rb8 9. Bb2 b5 10. Ne5 Nxe5 11. Bxe5 Bd6 12. Nf3 d4 13. Bxd6 Qxd6 14. Ng5 Nd5 15. Qd2 h6 16. Ne4 Qc7 17. c4 bxc4 18. bxc4 Ne7 19. f3 Nf5 20. Qf4 e5 21. Qc1 Ne3 22. Rb1 Bf5 {0-1 De Carvalho,A (1200)-Rodio,J (1735) Florianopolis op 8th 2022 (3)}) 8... a6 9. e4 dxe4 $146 ({RR} 9... Kh8 10. c3 Rb8 11. e5 Ng8 12. Nb3 Bd7 13. Be3 b6 14. h4 f6 15. exf6 gxf6 16. d4 cxd4 17. cxd4 Qe8 18. Bf4 Rc8 19. Bh3 Qf7 20. Qe2 Bb4 21. Nfd2 Rfe8 22. Qxa6 e5 23. Bxd7 Qxd7 24. Be3 {0-1 Trois,F (2395)-Votruba,P (2330) Hoogovens-B Wijk aan Zee 1983 (3)}) 10. dxe4 Rb8 11. e5 Nd5 12. Nf1 b5 13. axb5 axb5 14. h4 Qc7 15. N1h2 Rd8 16. Qe2 h6 17. Ng4 Bf8 18. h5 Nde7 19. Bxh6 gxh6 20. Nf6+ Kh8 21. Qe4 Nf5 22. g4 Ncd4 23. gxf5 exf5 24. Qf4 Rb6 25. Nxd4 Rxd4 26. Qg3 Bg7 27. Qxg7+ Kxg7 28. Ne8+ Kf8 29. Nxc7 Bb7 30. Na8 Rg4 31. Nxb6 Rxg2+ 32. Kf1 Rh2 33. Ke2 Rxh5 34. Ra7 Be4 35. Nd7+ Kg7 36. Rg1+ Rg5 37. Rxg5+ hxg5 38. c3 f4 39. Nf6 Bf5 40. Ra8 Be6 41. Rg8+ Kh6 42. f3 Bc4+ 43. Kf2 Bd3 44. Ng4+ Kh5 45. Rh8+ Kg6 46. Rh6+ Kg7 47. Rd6 Bc4 48. Rc6 1-0

[Event "Olympiad Women 2024"]
[Site "Budapest HUN"]
[Date "2024.09.20"]
[Round "9.43"]
[Board "2"]
[White "Latreche, Sabrina"]
[Black "Raharimanana, Faratiana"]
[Result "1-0"]
[WhiteElo "2030"]
[BlackElo "1815"]
[PlyCount "125"]
[EventDate "2024.09.11"]
[WhiteTeam "Algeria"]
[BlackTeam "Madagascar"]
[WhiteTeamCountry "ALG"]
[BlackTeamCountry "MAD"]

1. e4 e5 2. Nf3 Nc6 3. d4 exd4 4. Bc4 Be7 5. c3 Na5 6. Qxd4 Nxc4 7. Qxc4 d6 8. O-O Nf6 9. Re1 O-O 10. Nbd2 c6 11. Qd3 $146 ({RR} 11. Qb3 Qc7 12. Qc2 Ng4 13. Nf1 Ne5 14. Nxe5 dxe5 15. Be3 Be6 16. b3 a5 17. a4 f5 18. f3 f4 19. Bf2 Rfc8 20. Nd2 b5 21. c4 bxa4 22. Rxa4 Bb4 23. Rd1 Rd8 24. Qa2 Qd6 25. Bb6 Bxd2 {0-1 Zitnan,P-Hrabec,K (1750) Znojmo op-B 1997}) 11... Qc7 12. h3 h6 13. Qe2 Re8 14. Nf1 d5 15. exd5 Bd6 16. Qd1 Rxe1 17. Qxe1 Nxd5 18. Qe8+ Kh7 19. Qe4+ Kg8 20. c4 Ne7 21. Nd4 Bd7 22. Be3 Re8 23. Qc2 a6 24. c5 Be5 25. Rd1 Nd5 26. Nf3 Bf6 27. Bc1 Be7 28. a3 Rd8 29. b4 a5 30. b5 b6 31. cxb6 Qxb6 32. bxc6 Qxc6 33. Qe4 Be6 34. Bb2 Qc8 35. Rc1 Qb8 36. Rb1 Qc8 37. Rc1 Qb8 38. Be5 Qa8 39. Bb2 Qb8 40. Be5 Qa8 41. Qa4 Rc8 42. Rxc8+ Bxc8 43. Qe8+ Bf8 44. Bd4 Bb7 45. Qe5 Bc6 46. Bb2 Qe8 47. Qd4 Qe6 48. Ng3 Ne7 49. Ne5 Be8 50. Qd8 f6 51. Qxe8 fxe5 52. Bc3 Qd5 53. Qb8 Nc6 54. Qa8 Qc5 55. Ne4 Qc4 56. f3 a4 57. Qe8 Qd5 58. Qg6 Kh8 59. Qe8 Kg8 60. Bd2 Qc4 61. Bxh6 gxh6 62. Qg6+ Bg7 63. Nf6+ 1-0

[Event "Olympiad Women 2024"]
[Site "Budapest HUN"]
[Date "2024.09.20"]
[Round "9.43"]
[Board "3"]
[White "Randriatsiferana, Dimbiharentsoa Christiana"]
[Black "Abdi, Zineb Dina"]
[Result "1/2-1/2"]
[WhiteElo "1736"]
[BlackElo "1915"]
[PlyCount "83"]
[EventDate "2024.09.11"]
[WhiteTeam "Madagascar"]
[BlackTeam "Algeria"]
[WhiteTeamCountry "MAD"]
[BlackTeamCountry "ALG"]

1. e4 e5 2. Nf3 d6 3. d4 Nd7 4. Nc3 c6 5. Be3 Be7 6. Be2 Ngf6 7. h3 Qc7 8. Qd2 b5 9. a3 a6 $146 ({RR} 9... a5 10. O-O Bb7 11. b4 O-O 12. dxe5 dxe5 13. Rab1 Rfe8 14. Bd3 Rad8 15. Rfd1 Nf8 16. Qe1 Ne6 17. Ne2 axb4 18. axb4 Nh5 19. g3 Bc8 20. Kh2 Bb7 21. Qc3 Bd6 22. Qe1 Ra8 23. Rb3 Ra4 24. Rdb1 {1-0 Weyrauch,E (2002)-Leuschner,G (1829) Mecklenburg VP-ch Seniors op 07th 2007 (7)}) 10. Bd3 exd4 11. Nxd4 Nc5 12. Nf3 Nxd3+ 13. cxd3 O-O 14. O-O Re8 15. Ne2 Bf8 16. Rac1 Bd7 17. Ng3 Qd8 18. Nd4 c5 19. Ndf5 Bxf5 20. Nxf5 Rc8 21. Bg5 h6 22. Bf4 Qd7 23. g4 Qe6 24. Qe2 Kh7 25. Qf3 g6 26. Ne3 c4 27. dxc4 bxc4 28. Bg3 Nxe4 29. Rfd1 Bg7 30. Rc2 Nxg3 31. Qxg3 Be5 32. Qf3 Red8 33. Qd5 Qxd5 34. Rxd5 c3 35. bxc3 Bxc3 36. f4 Rc6 37. Kg2 Rdc8 38. Nd1 Bf6 39. Rcd2 Be7 40. Kf3 Rc5 41. Ne3 Rc3 42. R5d3 1/2-1/2

[Event "Olympiad Women 2024"]
[Site "Budapest HUN"]
[Date "2024.09.20"]
[Round "9.43"]
[Board "4"]
[White "Nassr, Rania"]
[Black "Tsinjoviniavo, Aina Mahasambatra"]
[Result "1-0"]
[WhiteElo "1866"]
[BlackElo "1662"]
[PlyCount "83"]
[EventDate "2024.09.11"]
[WhiteTeam "Algeria"]
[BlackTeam "Madagascar"]
[WhiteTeamCountry "ALG"]
[BlackTeamCountry "MAD"]

1. d4 d5 2. c4 e6 3. Nf3 h6 4. g3 Nf6 5. Bg2 Be7 ({RR} 5... Bd6 6. O-O O-O 7. Nc3 Nc6 8. b3 dxc4 9. bxc4 e5 10. Bb2 exd4 11. Nxd4 Ne5 12. Qb3 c6 13. Rad1 Qe7 14. h3 Be6 15. Nxe6 Qxe6 16. Na4 Ned7 17. Qxb7 Rfc8 18. Qa6 Be5 19. Ba3 Nb6 20. Rc1 {1-0 Le,Q (2709)-Fedoseev,V (2678) PNWCC Online blitz JP 11th 2020 (10)}) 6. O-O O-O 7. Nc3 c6 ({RR} 7... b6 8. cxd5 exd5 9. Ne5 Bb7 10. Bf4 Nbd7 11. Rc1 a6 12. Na4 Rc8 13. Nc6 Qe8 14. Nxe7+ Qxe7 15. Rxc7 Rxc7 16. Bxc7 b5 17. Nc3 Rc8 18. Bf4 b4 19. Na4 Bc6 20. Bf3 Bb5 21. Qb3 Bc4 22. Qe3 {1-0 Buscar,M (2016)-Cruz Mendez,J (2175) Titled Tue 13th Aug Early 2024 (5)}) 8. Nd2 $146 ({RR} 8. b3 Nbd7 9. Bb2 b6 10. Rc1 Ba6 11. cxd5 cxd5 12. Re1 Rc8 13. a3 Bd6 14. Nd2 Qe7 15. e4 dxe4 16. Ndxe4 Nxe4 17. Nxe4 Rxc1 18. Qxc1 Rc8 {½-½ Gabbani,S (1890)-Gueci,T (2255) ITA-ch (Women) 80th 2021 (5)}) 8... Nbd7 9. e4 dxe4 10. Ndxe4 Nxe4 11. Nxe4 e5 12. d5 cxd5 13. cxd5 Re8 14. Be3 a6 15. Rc1 f5 16. d6 Bf8 17. Nc5 Nxc5 18. Bxc5 e4 19. Qd4 b6 20. Ba3 Ra7 21. Rc6 Rb7 22. Rfc1 Be6 23. Rc7 Rxc7 24. Rxc7 b5 25. d7 Bxd7 26. Rxd7 Qg5 27. h4 Qg6 28. Bxf8 Kxf8 29. Qc5+ Kg8 30. Rd6 Qf7 31. Rxa6 Qc4 32. Qxc4+ bxc4 33. Rc6 Rb8 34. Rxc4 Rxb2 35. Ra4 Kf7 36. Bh3 g6 37. Ra6 Re2 38. Kf1 Rc2 39. h5 gxh5 40. Bxf5 Rc1+ 41. Kg2 Rc5 42. Bxe4 1-0

[Event "Olympiad Women 2024"]
[Site "Budapest HUN"]
[Date "2024.09.20"]
[Round "9.44"]
[Board "1"]
[White "Ptacnikova, Lenka"]
[Black "Chuemsakul, Sarocha"]
[Result "1-0"]
[WhiteElo "2065"]
[BlackElo "1906"]
[PlyCount "80"]
[EventDate "2024.09.11"]
[WhiteTeam "Iceland"]
[BlackTeam "Thailand"]
[WhiteTeamCountry "ISL"]
[BlackTeamCountry "THA"]

1. e4 e5 2. Nf3 Nc6 3. Bb5 a6 4. Bxc6 dxc6 5. Nc3 Bd6 6. d4 exd4 7. Qxd4 f6 8. Be3 Ne7 ({RR} 8... Be6 9. O-O-O Ne7 10. Qd2 Qd7 11. Bf4 Rd8 12. Nd4 Bf7 13. Bg3 O-O 14. Nde2 b5 15. Bxd6 cxd6 16. f3 Qc7 17. b3 a5 18. Qe3 a4 19. Rd2 Qa5 20. Rhd1 Ra8 21. Nb1 d5 22. Qc5 axb3 23. axb3 {½-½ Bellin,R (2440)-Pinter,J (2535) EU-chT 07th Final 1980 (7.7)}) 9. h3 ({RR} 9. Nd2 Be6 10. Nc4 Bxh2 11. Qxd8+ Rxd8 12. Na5 Be5 13. Nxb7 Rb8 14. Nc5 Rxb2 15. Kd2 Kf7 16. Nd3 Rd8 17. Rhb1 Rxb1 18. Rxb1 f5 19. Rb4 Bd6 20. Rd4 c5 21. Nxc5 f4 22. e5 fxe3+ 23. fxe3 Bxc5 {0-1 Dailidenas,J (1723)-Greicius,P (2107) TCh-LTU 2024 (4.3)}) 9... Be6 10. O-O-O c5 $146 ({RR} 10... O-O 11. g4 Ng6 12. g5 Ne5 13. Nxe5 fxe5 14. Qd2 Qe7 15. Rdg1 Rad8 16. h4 Bb4 17. Qe1 Bxa2 18. g6 h6 19. Bg5 Qc5 20. Bxd8 Rxd8 21. Qe3 Rd4 22. Rd1 Be6 23. Nb1 Rxd1+ 24. Rxd1 Qxe3+ 25. fxe3 {½-½ Barbarosh,E (1859)-Nechaev,N (2106) Perm AVGRT op 2006 (3)}) ({RR} 10... O-O 11. Kb1 Qe8 12. Qd2 c5 13. Bf4 Rd8 14. e5 fxe5 15. Bxe5 Nd5 16. Bxd6 Nxc3+ 17. Qxc3 cxd6 18. Rd2 Qg6 19. Rg1 b5 20. Ne1 b4 21. Qd3 Qf7 22. b3 a5 23. Qg3 Qf6 24. Nd3 a4 25. Nb2 {0-1 Tonsingh,O-Rodriguez Cespedes,A WchT Students 21st Group3 1976 (4.3)}) ({RR} 10... O-O 11. Kb1 Qe8 12. Qd2 Kh8 13. Nd4 Bg8 14. f4 Rd8 15. Qf2 Bb4 16. Nde2 Qf7 17. Bc5 a5 18. a3 Bxc3 19. Nxc3 b6 20. Be3 Nc8 21. Qf3 Nd6 22. Rhe1 Nb5 23. Kc1 Nxc3 24. bxc3 Qa2 25. Rd4 {0-1 Bodenez,C (2034)-Gollain,M (2194) FRA-chT2 West 0708 2007 (1.5)}) 11. Qd2 b5 12. e5 fxe5 13. Ne4 Bd5 14. Nxd6+ cxd6 15. Bg5 Bxf3 16. gxf3 O-O 17. f4 h6 18. Bh4 Qc7 19. fxe5 dxe5 20. Bg3 Rad8 21. Qe3 Nd5 22. Qe4 Nf4 23. h4 Rd4 24. Rxd4 cxd4 25. Kb1 b4 26. Re1 Rc8 27. Bxf4 exf4 28. Rd1 Qc4 29. b3 Qc5 30. Rxd4 Rf8 31. f3 a5 32. Qd5+ Qxd5 33. Rxd5 Re8 34. Rf5 Re1+ 35. Kb2 Rh1 36. Rxf4 Rh3 37. a3 Kh7 38. axb4 axb4 39. Rxb4 Rxf3 40. Rd4 g5 1-0

[Event "Olympiad Women 2024"]
[Site "Budapest HUN"]
[Date "2024.09.20"]
[Round "9.44"]
[Board "2"]
[White "Prommuang, Araya"]
[Black "Johannsdottir, Johanna Bjorg"]
[Result "1/2-1/2"]
[WhiteElo "1753"]
[BlackElo "2013"]
[PlyCount "44"]
[EventDate "2024.09.11"]
[WhiteTeam "Thailand"]
[BlackTeam "Iceland"]
[WhiteTeamCountry "THA"]
[BlackTeamCountry "ISL"]

1. e4 c5 2. Nf3 Nc6 3. d4 cxd4 4. Nxd4 e5 5. Nf3 Nf6 6. Nc3 Bb4 7. Bc4 O-O 8. O-O Bxc3 9. bxc3 Nxe4 ({RR} 9... d6 10. Re1 Na5 11. Bb3 Qc7 12. Bg5 Ne8 13. Nd2 h6 14. Bh4 Be6 15. Re3 Qd7 16. Rd3 Rc8 17. Qc1 Nc4 18. Nxc4 Bxc4 19. Bxc4 Rxc4 20. f3 f5 21. Qd1 fxe4 22. fxe4 Rf4 23. Bg3 Rcxe4 24. Qd2 {0-1 Bosch,J (2444)-Ikonnikov,V (2578) NED-chT 0809 2008 (7.4)}) ({RR} 9... d6 10. Ba3 Nxe4 11. Qd3 Nc5 12. Qe3 Qa5 13. Bxc5 Qxc5 14. Qxc5 dxc5 15. Rfe1 Re8 16. Ng5 Re7 17. Ne4 b6 18. Rad1 Bb7 19. Nd6 Na5 20. Bxf7+ Rxf7 21. Nxf7 Kxf7 22. Rxe5 Bc6 23. f3 Nc4 24. Re2 {0-1 Vivaan Vishal Shah (1850)-Kislinsky,A (2361) Titled Tue 30th Jan Early 2024 (11)}) 10. Re1 d5 11. Qxd5 Nd6 $146 ({RR} 11... Qxd5 12. Bxd5 Nxc3 13. Bxc6 bxc6 14. Nxe5 Bf5 15. Nxc6 Bxc2 16. Ba3 Rfe8 17. Ne7+ Kh8 18. Rac1 Nb5 19. Bc5 Bd3 20. Re3 Bg6 21. Rce1 Red8 22. Nc6 Rdc8 23. a4 Nc7 24. Nxa7 Rg8 25. a5 Ne6 26. Bb6 {1-0 Just,H-Kopp,P (2210) Hessen qual Limburg 1992 (4)}) ({RR} 11... Nxc3 12. Qc5 Na4 13. Qa3 Nb6 14. Bb3 h6 15. Bb2 a5 16. Rad1 Qc7 17. Nxe5 a4 18. Qxf8+ Kxf8 19. Ng6+ fxg6 20. Ba3+ Ne7 21. Rxe7 axb3 22. Rxc7+ Kg8 23. Rd8+ Kh7 24. Bb2 {1-0 Guerrero Sanmarti,R (2258)-Raimbault,P (1931) Barcelona Sants op 14th 2012 (1)}) ({RR} 11... Nxc3 12. Qxd8 Rxd8 13. Bg5 Re8 14. Bd2 Na4 15. Bb5 Nb6 16. Nxe5 Rxe5 17. Bxc6 Rxe1+ 18. Rxe1 Be6 19. Bxb7 Rd8 20. Bf4 Rd4 21. Bg3 h6 22. h3 Kf8 23. a3 Nc4 24. Be4 Nxa3 25. c3 Rd8 26. f4 {1-0 Tudhope,D-Fernandez,L WchT Students 21st final B 1976 (2.7)}) 12. Bb3 e4 13. Bg5 Qd7 14. Bf4 exf3 15. Bxd6 Rd8 16. Qxf3 Qf5 17. Bc7 Rf8 18. Bd6 Rd8 19. Bc7 Rf8 20. Bd6 Rd8 21. Bc7 Rf8 22. Bd6 Rd8 1/2-1/2

[Event "Olympiad Women 2024"]
[Site "Budapest HUN"]
[Date "2024.09.20"]
[Round "9.44"]
[Board "3"]
[White "Thorsteinsdottir, Hallgerdur"]
[Black "Khantree, Napat"]
[Result "1-0"]
[WhiteElo "1938"]
[BlackElo "1711"]
[PlyCount "97"]
[EventDate "2024.09.11"]
[WhiteTeam "Iceland"]
[BlackTeam "Thailand"]
[WhiteTeamCountry "ISL"]
[BlackTeamCountry "THA"]

1. e4 e5 2. Nf3 Nc6 3. Bc4 Bc5 4. c3 Nf6 5. d3 h6 6. a4 a5 7. Nbd2 d6 8. Bb3 O-O 9. O-O Be6 10. Nc4 Qd7 $146 ({RR} 10... Ne7 11. Ne3 c6 12. h3 Ng6 13. Nf5 Kh7 14. Bc2 Ne7 15. N3h4 Nxf5 16. Nxf5 Qd7 17. Re1 g6 18. Nxh6 Rh8 19. Qf3 Kg7 20. Bg5 Nh7 21. Bd2 Nf6 22. Bg5 Nh7 23. Bd2 Nf6 24. Bg5 Nh7 {½-½ Kozaczynska,A (1683)-Tkaczyk,W (1570) POL-chT U19 2nd League 2016 (10.11)}) 11. Be3 Ba7 12. Qe2 Rfe8 13. Rad1 Ng4 14. Bxa7 Rxa7 15. d4 exd4 16. Nxd4 Nxd4 17. Rxd4 Qe7 18. Bc2 Bd7 19. f3 Nf6 20. Qd3 b5 21. axb5 Bxb5 22. Rd1 Raa8 23. f4 Bxc4 24. Rxc4 Rac8 25. Ra1 g6 26. Ba4 Red8 27. Bc6 Rb8 28. b4 axb4 29. cxb4 Nd7 30. Rd4 Rb6 31. b5 Nc5 32. Qc4 Ne6 33. Rd3 Nxf4 34. Rf3 Ne6 35. Raf1 Rf8 36. Bd5 Nd8 37. Rh3 Kg7 38. Qc3+ Qe5 39. Qxc7 Rxb5 40. Rhf3 Qe8 41. Qxd6 Ra5 42. Qf6+ Kh7 43. Rg3 Rg8 44. Rb3 Ne6 45. Qxf7+ Qxf7 46. Rxf7+ Ng7 47. Rbb7 Kh8 48. h3 Raa8 49. Rfc7 1-0

[Event "Olympiad Women 2024"]
[Site "Budapest HUN"]
[Date "2024.09.20"]
[Round "9.44"]
[Board "4"]
[White "Tawankanjana, Sasinat"]
[Black "Helgadottir, Idunn"]
[Result "0-1"]
[WhiteElo "1612"]
[BlackElo "1837"]
[PlyCount "104"]
[EventDate "2024.09.11"]
[WhiteTeam "Thailand"]
[BlackTeam "Iceland"]
[WhiteTeamCountry "THA"]
[BlackTeamCountry "ISL"]

1. e4 c5 2. Nf3 e6 3. d4 cxd4 4. Nxd4 Nc6 5. Nc3 Qc7 6. Nb3 a6 7. Bd3 Nf6 8. O-O Be7 9. f4 d6 10. Qf3 O-O 11. Bd2 b5 ({RR} 11... Nb4 12. Rae1 Bd7 13. e5 Nxd3 14. Qxd3 dxe5 15. fxe5 Nd5 16. Nxd5 exd5 17. Qxd5 Rac8 18. c3 Be6 19. Qa5 b6 20. Qa4 Bc4 21. Rf3 b5 22. Qa5 Qxa5 23. Nxa5 Bxa2 24. b3 Bd8 25. Ra1 Bxa5 26. Rxa2 {0-1 Ly,D (2233)-Velicka,P (2374) TCh-AUT 2nd Mitte 2023-24 (6.3)}) 12. a3 ({RR} 12. Rae1 b4 13. Nd1 Bb7 14. Qh3 e5 15. Ne3 g6 16. f5 Nb8 17. fxg6 fxg6 18. Bxb4 Bc8 19. Qg3 Be6 20. Bd2 Nbd7 21. Nf5 Bd8 22. Ne3 Qa7 23. Kh1 Bb6 24. Nf5 Kh8 25. Bh6 Nh5 26. Qh4 Bd8 {1-0 Nakamura,H (2430)-Vescovi,G (2590) Bermuda-A 2002 (2)}) 12... Bb7 13. Rae1 b4 14. axb4 $146 ({RR} 14. Nd1 bxa3 15. bxa3 d5 16. e5 Ne4 17. Qh3 g6 18. Nf2 Nxf2 19. Rxf2 Bxa3 20. g4 Rfe8 21. Qg3 a5 22. f5 a4 23. fxg6 fxg6 24. Nc1 Rf8 25. Rxf8+ Rxf8 26. Kg2 Bc5 27. Re2 Nd4 28. Rf2 Rxf2+ {0-1 Zhang,F (2001)-Zhang,X (2267) CHN-chTB Qinhuangdao 2017 (3.3)}) 14... Nxb4 15. Be3 d5 16. Nd4 dxe4 17. Nxe4 Nxd3 18. cxd3 Nd5 19. Bd2 Qb6 20. Bc3 f5 21. Qe2 fxe4 22. dxe4 Nxf4 23. Qe3 e5 24. Kh1 exd4 25. Bxd4 Qb4 26. Bc3 Qd6 27. Rd1 Qh6 28. Bd2 Qg6 29. Rxf4 Rxf4 30. Qxf4 Bxe4 31. Qf2 Bc5 32. Qe2 Rd8 33. Re1 Bxg2+ 34. Qxg2 Qxg2+ 35. Kxg2 Rxd2+ 36. Kh3 Rxb2 37. Ra1 Bd6 38. Rxa6 Rxh2+ 39. Kg4 h5+ 40. Kf3 Be7 41. Ra1 h4 42. Rg1 g5 43. Kg4 Kg7 44. Re1 Kf6 45. Rf1+ Kg6 46. Re1 Bf6 47. Rf1 Rg2+ 48. Kh3 Rg3+ 49. Kh2 Be5 50. Kh1 Re3 51. Rf2 Rh3+ 52. Kg1 Bd4 0-1

[Event "Olympiad Women 2024"]
[Site "Budapest HUN"]
[Date "2024.09.20"]
[Round "9.45"]
[Board "1"]
[White "Paulo, Jemima"]
[Black "Wilson, Hannah"]
[Result "1/2-1/2"]
[WhiteElo "2037"]
[BlackElo "1888"]
[PlyCount "97"]
[EventDate "2024.09.11"]
[WhiteTeam "Angola"]
[BlackTeam "Barbados"]
[WhiteTeamCountry "ANG"]
[BlackTeamCountry "BAR"]

1. d4 d5 2. c4 c6 3. Nf3 Nf6 4. Nc3 e6 5. Bg5 Nbd7 6. e3 Be7 7. Be2 h6 8. Bxf6 ({RR} 8. Bf4 O-O 9. h3 dxc4 10. Bxc4 b5 11. Bd3 Bb7 12. a3 a5 13. O-O b4 14. Ne4 Nxe4 15. Bxe4 Nf6 16. Nd2 Nxe4 17. Nxe4 Qb6 18. Nc5 Rfd8 19. Qg4 Bxc5 20. dxc5 Qxc5 21. Bxh6 Qe5 22. axb4 f5 {0-1 Koop,A (1640)-Zhang,M (1885) Canadian Women Zonal 2024 (9.9)}) 8... Nxf6 ({RR} 8... Bxf6 9. e4 dxe4 10. Nxe4 O-O 11. O-O Nb6 12. a4 a5 13. Ne5 Nd7 14. f4 Qb6 15. Nxf6+ Nxf6 16. Qd2 Rd8 17. Rfd1 c5 18. Nf3 cxd4 19. Nxd4 Bd7 20. Qc2 Bxa4 21. Rxa4 Rxd4 22. c5 Rxd1+ 23. Bxd1 {0-1 Nguyen,V (2383)-Chu,P (2390) VIE-ch U11 Hanoi 2022 (6)}) 9. O-O O-O 10. Qc2 $146 ({RR} 10. Rc1 Re8 11. Qc2 dxc4 12. Bxc4 b5 13. Be2 Bb7 14. Ne5 Bd6 15. Rfd1 Qa5 16. a3 Bxe5 17. dxe5 Nd5 18. Ne4 Qc7 19. Nd6 a6 20. Nxe8 Rxe8 21. e4 Nf4 22. Rd6 Rc8 23. Rcd1 Ng6 24. Qc5 Ba8 {1-0 Lahlum,I (1851)-Simonsen,I Tromsoe Midnight Sun 2006 (6)}) 10... dxc4 11. a4 c5 12. Rfd1 Qa5 13. Bxc4 cxd4 14. Nxd4 Bd7 15. Ne4 Rac8 16. b3 Nd5 17. Qe2 f5 18. Ng3 Nc3 19. Qd2 Rcd8 20. Rdc1 Bb4 21. Qc2 Nd5 22. e4 fxe4 23. Qxe4 Rde8 24. Rc2 Rf4 25. Qd3 Bc3 26. Rxc3 Qxc3 27. Rd1 Qxd3 28. Rxd3 Nb6 29. Bb5 Bxb5 30. Nxb5 a6 31. Nc3 Nd5 32. Nge2 Rb4 33. Nd1 Nf4 34. Nxf4 Rxf4 35. g3 Rb4 36. f4 Rc8 37. Kg2 Rc1 38. Ne3 Rb1 39. Ng4 R1xb3 40. Rd8+ Kh7 41. Rd7 Rxa4 42. Nf6+ Kg6 43. Ne8 Ra2+ 44. Kh3 Rbb2 45. Rxg7+ Kf5 46. Nd6+ Kf6 47. Ne8+ Kf5 48. Nd6+ Kf6 49. Ne8+ 1/2-1/2